Podróże apostolskie Benedykta XVI - Statystyki

Ogólne statystyki
  • Ten quiz został rozwiązany 116 razy
  • Średni wynik to 13 z 24
Statystyki odpowiedzi
Kraj % Poprawnych
Polska
96%
Niemcy
92%
Stany Zjednoczone
88%
Hiszpania
84%
Francja
81%
Brazylia
76%
Portugalia
76%
Meksyk
75%
Wielka Brytania
74%
Australia
72%
Austria
72%
Czechy
66%
Turcja
58%
Izrael
50%
Chorwacja
45%
Cypr
31%
Angola
30%
Malta
30%
Kuba
28%
Liban
27%
Jordania
26%
Benin
14%
Palestyna
12%
Kamerun
11%
Nie znaleziono quizów pasujących do podanych kryteriów
Rozkład punktacji
Procent ludzi z każdym wynikiem
Percentyl według liczby udzielonych odpowiedzi
Twoja historia wyników
Nie rozwiązałeś tego quizu